<?xml version="1.0" encoding="UTF-8"?>
<marc:record xmlns:marc="http://www.loc.gov/MARC21/slim">
   <marc:leader>00000nam a2200000 a 4500</marc:leader>
   <marc:datafield ind1="1" ind2=" " tag="100">
      <marc:subfield code="a">Fink, Christian</marc:subfield>
      <marc:subfield code="4">aut</marc:subfield>
      <marc:subfield code="e">Verfasser/-in</marc:subfield>
   </marc:datafield>
   <marc:datafield ind1="1" ind2=" " tag="100">
      <marc:subfield code="a">Gföller, Peter</marc:subfield>
      <marc:subfield code="4">aut</marc:subfield>
      <marc:subfield code="e">Verfasser/-in</marc:subfield>
   </marc:datafield>
   <marc:datafield ind1="1" ind2=" " tag="100">
      <marc:subfield code="a">Hoser, Christian</marc:subfield>
      <marc:subfield code="4">aut</marc:subfield>
      <marc:subfield code="e">Verfasser/-in</marc:subfield>
   </marc:datafield>
   <marc:datafield ind1=" " ind2=" " tag="653">
      <marc:subfield code="a">Wandern</marc:subfield>
   </marc:datafield>
   <marc:datafield ind1=" " ind2=" " tag="653">
      <marc:subfield code="a">Hüftschmerzen</marc:subfield>
   </marc:datafield>
   <marc:datafield ind1=" " ind2=" " tag="653">
      <marc:subfield code="a">Anatomie</marc:subfield>
   </marc:datafield>
   <marc:datafield ind1=" " ind2=" " tag="653">
      <marc:subfield code="a">Knieschmerzen</marc:subfield>
   </marc:datafield>
   <marc:datafield ind1=" " ind2=" " tag="653">
      <marc:subfield code="a">Arthrose</marc:subfield>
   </marc:datafield>
   <marc:datafield ind1=" " ind2=" " tag="653">
      <marc:subfield code="a">Gelenkbeschwerden</marc:subfield>
   </marc:datafield>
   <marc:datafield ind1="0" ind2="0" tag="245">
      <marc:subfield code="a">Gelenkfit in die Berge</marc:subfield>
   </marc:datafield>
   <marc:datafield ind1="0" ind2="0" tag="245">
      <marc:subfield code="b">Wandern mit Gelenkbeschwerden</marc:subfield>
   </marc:datafield>
   <marc:datafield ind1="0" ind2="0" tag="245">
      <marc:subfield code="c">Dr. Christian Fink ; Dr. Peter Gföller ; Dr. Christian Hoser</marc:subfield>
   </marc:datafield>
   <marc:datafield ind1=" " ind2="1" tag="264">
      <marc:subfield code="a">Innsbruck</marc:subfield>
      <marc:subfield code="b">Tyrolia</marc:subfield>
      <marc:subfield code="c">2018</marc:subfield>
   </marc:datafield>
   <marc:datafield ind1="1" ind2=" " tag="520">
      <marc:subfield code="a">Quelle: bn.bibliotheksnachrichten (http://www.biblio.at/literatur/bn/index.html); #Autor: Johannes Preßl; #Bergwandern trotz Gelenksproblemen. (NK)#Immer wieder wird das Bergwandern als die gesündeste Sportart für alle Altersgruppen gepriesen. Wandern in der Natur macht den Kopf frei und trainiert den Körper. Doch was ist, wenn mehr und mehr die Gelenke zu schmerzen beginnen? Gerade der Weg hinab ins Tal wird dann oft zur Qual. Dieses Buch zeigt, dass eine drohende Arthrose noch lange nicht das Ende einer Wanderleidenschaft bedeuten muss. Verschiedene Spezialisten erklären hier die Wirkung des Bergwanderns aus medizinisch-physiologischer Sicht, sie geben Trainings- und Ausrüstungstipps, stellen konservative und operative Behandlungsmethoden vor und beschreiben, wie mit künstlichen Knie- und Hüftgelenken die Bergwelt wieder unbeschwert genossen werden kann. Mit dem Everestbesteiger Wolfgang Nairz und dem Bergretter Hermann Spiegl kommen auch Betroffene zu Wort, die aus eigener Erfahrung darüber berichten, wie sie mit einem neuen Gelenk und einer umfassenden Therapie wieder uneingeschränkt ihrer Leidenschaft nachgehen können.#Dieses Buch hilft, die für das Wandern so wichtigen Knie- und Hüftgelenke besser zu verstehen und damit Schäden vorzubeugen. Im Anhang gibt es noch eine Fülle von Tourenvorschlägen rund um die österreichischen Landeshauptstädte. Ein hilfreiches, interessantes Buch!</marc:subfield>
   </marc:datafield>
   <marc:datafield ind1=" " ind2=" " tag="020">
      <marc:subfield code="a">9783702236601</marc:subfield>
      <marc:subfield code="9">9783702236601</marc:subfield>
   </marc:datafield>
   <marc:datafield ind1=" " ind2=" " tag="041">
      <marc:subfield code="a">ger</marc:subfield>
   </marc:datafield>
   <marc:datafield ind1=" " ind2=" " tag="300">
      <marc:subfield code="a">150 S.</marc:subfield>
   </marc:datafield>
</marc:record>
